000 00635nam a2200241 i 4500
001 C2-0343851
003 PPAK
005 20180728144907.0
008 171127s2017 nyu |||| ||||| | eng d
020 _a9780316302951
040 _aPPAK
_beng
_cPPAK
_erda
082 0 4 _a823
_223
090 0 0 _a823
_bWIN
_dK
100 1 _aWinston, Sherri,
_eauthor
245 1 4 _aThe sweetest sound
264 1 _aNew York :
_bLittle, Brown and Company ,
_c2017
300 _a263 pages ;
_c20 cm
336 _2rdacontent
_atext
337 _2rdamedia
_aunmediated
338 _2rdacarrier
_avolume
650 1 0 _aEnglish fiction.
942 _ddc
_cB
999 _c140623
_d140623